Hlavy vzhůru / J.V. Sládek
Record details
- Physical Description: 89 s.
- Edition: 1. vyd.
- Publisher: Praha : Mladá fronta, 1952
Search for related items by series
Available copies
- 1 of 1 copy available at Common Catalog SPOK.
Holds
- 0 current holds with 1 total copy.
Show Only Available Copies
| Location | Call Number / Copy Notes | Barcode | Shelving Location | Status | Due Date |
|---|---|---|---|---|---|
| Hospic Dobrého Pastýře | PO
Tematické zaměření:
Poezie (TRI)
Tematická katagorie: Poezie (PO) |
2045957004587 | Knihovna | Available | - |
| LDR | 01163nam a2200373 a 4500 | ||
|---|---|---|---|
| 001 | 25045 | ||
| 003 | CZ-PrJAB | ||
| 005 | 20170818095604.0 | ||
| 008 | 980702s1952 xr | | cze | ||
| 015 | . | ‡acnb000507247 | |
| 035 | . | ‡a(CZ PrSKC)3148822077 | |
| 035 | . | ‡a(OCoLC)85056024 | |
| 040 | . | ‡aULG001 ‡bcze | |
| 080 | . | ‡a885-1 | |
| 100 | 1 | . | ‡aSládek, Josef Václav, ‡d1845-1912 ‡7jk01111743 ‡4aut |
| 245 | 1 | 0. | ‡aHlavy vzhůru / ‡cJ.V. Sládek |
| 250 | . | ‡a1. vyd. | |
| 260 | . | ‡aPraha : ‡bMladá fronta, ‡c1952 | |
| 300 | . | ‡a89 s. | |
| 490 | 1 | . | ‡aKvěty české poesie ; ‡v24 |
| 830 | 0. | ‡aKvěty české poesie | |
| 900 | . | ‡aULG001 ‡b13 | |
| 910 | . | ‡aBNE702 | |
| 964 | . | ‡aPoezie | |
| 998 | . | ‡a000511381 | |
| 901 | . | ‡a25045 ‡b ‡c25045 ‡tbiblio | |